| 000 | 00000nas 2200000za 4500 |
| 001 | 9.507967 |
| 003 | CaOODSP |
| 005 | 20221107133843 |
| 007 | cr ||||||||||| |
| 008 | 150406c20159999onc x p o||||f| |0eng|d |
| 040 | |aCaOODSP|beng |
| 043 | |an-cn--- |
| 086 | 1 |aXC59-3/2E-PDF |
| 110 | 1 |aCanada. |bParliament. |bHouse of Commons. |bSubcommittee on a Code of Conduct for Members. |
| 245 | 10|aEvidence |h[electronic resource] / |cSubcommittee on a Code of Conduct for Members. |
| 260 | |aOttawa : |bHouse of Commons |
| 310 | |aIrregular |
| 362 | 1 |aBegan with : no. 3, 2nd session, 41st Parliament (Monday, February 2, 2015). |
| 500 | |aIssued also in French under title: Témoignages. |
| 775 | 08|tTémoignages |w(CaOODSP)9.504345 |